000 00257nam a2200109Ia 4500
008 220216s9999 xx 000 0 und d
100 _aMadhu C B
245 0 _aNamukkum swekarikkam kissan mathruka
260 _bRubber
_c2013
300 _a23-25
942 _cJS
999 _c63378
_d63378